000 00651nam a22002412a 4500
001 36448
003 BD-RjUL
005 20211209052504.0
008 140624t1962 enk 000 0 eng d
035 _a(BD-RjUL)36548
040 _aDLC
_cOUN
_dOCL
_dCWR
_dDAY
_dUKM
_dEQO
_dBD-RjUL
_beng
041 _aeng
082 0 4 _a321.07
_bBOI 1962
100 1 _aBoyd, William,
_d1874-1962.
_990855
245 1 3 _aAn introduction to the Republic of Plato /
250 _aNew ed.
260 _aLondon :
_bAllen & Unwin,
_c1962
300 _a115 p. ;
_c19 cm
600 0 0 _aPlato.
_9110962
942 _2ddc
_cBK
999 _c36448
_d36448